|
|
|
|
| LEADER |
00713nab a2200181 i 4500 |
| 001 |
misc10702 |
| 005 |
20191106142443.0 |
| 008 |
170607s1932 hu o 0|| hun d |
| 022 |
|
|
|a 0025-0260
|
| 040 |
|
|
|a SZTE Miscellanea Repozitórium
|b hun
|
| 041 |
|
|
|a hun
|
| 100 |
1 |
|
|a Barankay Lajos
|
| 245 |
1 |
2 |
|a A neveléstudomány autonómiája
|h [elektronikus dokumentum] :
|b a probléma fejlődése a világháború óta /
|c Barankay Lajos
|
| 260 |
|
|
|c 1932
|
| 300 |
|
|
|a 166-185
|
| 490 |
0 |
|
|a Magyar pedagógia : a Magyar Tudományos Akadémia Pedagógiai Bizottságának folyóirata
|v 41
|
| 695 |
|
|
|a Neveléselmélet, Neveléstudomány
|
| 856 |
4 |
0 |
|u http://misc.bibl.u-szeged.hu/10702/1/mp_1932_3341_166-185.pdf
|z Dokumentum-elérés
|